Detalles MARC
| 000 -LEADER |
| fixed length control field |
01868nam a2200469 a 4500 |
| 005 - FECHA ULTIMA MODIFICACION |
| control field |
20260629095216.0 |
| 008 - CAMPO DE CONTROL (LIBRO) |
| fixed length control field |
260624e2011 |||||||| |||| 00| 0 spa d |
| 020 ## - INTERNATIONAL STANDARD BOOK NUMBER |
| ISBN |
9789500602709 |
| 041 ## - CODIGO DE IDIOMA |
| Código de idioma del texto/pista de sonido o título separado |
spa |
| 092 ## - SIGNATURA TOPOGRAFICA DEWEY LOCAL |
| número de clasificación |
616.079 |
| libristica |
24 |
| sección |
FAI |
| 100 1# - ENTRADA PRINCIPAL--NOMBRE PERSONAL |
| Nombre personal |
Fainboim, Leonardo. |
| 9 (RLIN) |
249 |
| 245 ## - TITULO PROPIAMENTE DICHO |
| Título |
Introducción a la Inmunología Humana/ |
| Mención de responsabilidad y remanente de la transcripción de la portada |
Leonardo Fainboim |
| 250 ## - MENCION DE EDICION |
| Mención de edición |
6a ed. |
| 260 ## - PIE DE IMPRENTA |
| Lugar de publicación, distribución, etc |
Buenos Aires, |
| Nombre de la editorial, distribuidor, etc |
Editorial Médica Panamericana; |
| Fecha de publicación |
2011. |
| 300 ## - DESCRIPCION FISICA |
| Extension |
563 p. |
| 500 ## - NOTA GENERAL |
| Nota general |
Fainboim, L., Satz, M. L. y Geffner, J. (2011). Introducción a la Inmunología Humana. (6a ed.). Buenos Aires : Editorial Médica Panamericana. |
| 590 ## - NOTAS LOCALES (RLIN) |
| Nota local |
Donacion Marco D´angelo Junio 2026 |
| 653 #3 - TÉRMINO INDIZADO - PALABRAS CLAVES |
| Palabra clave |
La respuesta inmunitaria |
| 653 ## - TÉRMINO INDIZADO - PALABRAS CLAVES |
| Palabra clave |
Inmunidad innata |
| 653 ## - TÉRMINO INDIZADO - PALABRAS CLAVES |
| Palabra clave |
Estructura y función del complejo mayor de histocompatibilidad |
| 653 ## - TÉRMINO INDIZADO - PALABRAS CLAVES |
| Palabra clave |
Reconocimiento antígeno por los linfocitos B y T |
| 653 ## - TÉRMINO INDIZADO - PALABRAS CLAVES |
| Palabra clave |
Células presentadoras de antigeno. Procesamiento antigénico |
| 653 ## - TÉRMINO INDIZADO - PALABRAS CLAVES |
| Palabra clave |
Ontogenia |
| 653 ## - TÉRMINO INDIZADO - PALABRAS CLAVES |
| Palabra clave |
Regulación de la expresión génica en el sistema inmunitario |
| 653 ## - TÉRMINO INDIZADO - PALABRAS CLAVES |
| Palabra clave |
Inmunidad mediada por linfocitos T |
| 653 ## - TÉRMINO INDIZADO - PALABRAS CLAVES |
| Palabra clave |
Inmunidad mediada por linfocitos B |
| 653 ## - TÉRMINO INDIZADO - PALABRAS CLAVES |
| Palabra clave |
Tráfico linfocitario |
| 653 ## - TÉRMINO INDIZADO - PALABRAS CLAVES |
| Palabra clave |
Tolerancia inmunológica y células T reguladoras |
| 653 ## - TÉRMINO INDIZADO - PALABRAS CLAVES |
| Palabra clave |
Memoria inmunitaria |
| 653 ## - TÉRMINO INDIZADO - PALABRAS CLAVES |
| Palabra clave |
Inmunidad en las mucosas |
| 653 ## - TÉRMINO INDIZADO - PALABRAS CLAVES |
| Palabra clave |
Inmunidad antiviral |
| 653 ## - TÉRMINO INDIZADO - PALABRAS CLAVES |
| Palabra clave |
Inmunidad antibacteriana |
| 653 ## - TÉRMINO INDIZADO - PALABRAS CLAVES |
| Palabra clave |
Respuesta inmunitaria frente a las infecciones parasitarias |
| 653 ## - TÉRMINO INDIZADO - PALABRAS CLAVES |
| Palabra clave |
Inmunidad y cáncer |
| 653 ## - TÉRMINO INDIZADO - PALABRAS CLAVES |
| Palabra clave |
Inmunodeficiencias primarias |
| 653 ## - TÉRMINO INDIZADO - PALABRAS CLAVES |
| Palabra clave |
Infección por el virus de la inmunodeficiencia humana (HIV) y sindrome de inmunodeficiencia adquirida (SIDA) |
| 653 ## - TÉRMINO INDIZADO - PALABRAS CLAVES |
| Palabra clave |
Hipersensibilidad |
| 653 ## - TÉRMINO INDIZADO - PALABRAS CLAVES |
| Palabra clave |
Autoinmunidad |
| 700 1# - ENTRADAS SECUNDARIAS - NOMBRE PERSONAL |
| Nombre personal |
Geffner, Jorge. |
| 9 (RLIN) |
251 |
| 700 1# - ENTRADAS SECUNDARIAS - NOMBRE PERSONAL |
| Nombre personal |
Satz, M. L. |
| 9 (RLIN) |
4375 |
| 942 ## - ADDED ENTRY ELEMENTS (KOHA) |
| Source of classification or shelving scheme |
Dewey Decimal Classification |
| Item type |
Libros |